Junqueira's basic histology : text and atlas / Anthony L. Mescher, PhD. (Record no. 21510)

000 -LEADER
fixed length control field 00568cam a2200181Ii 4500
020 ## - INTERNATIONAL STANDARD BOOK NUMBER
ISBN 9781266021398
020 ## - INTERNATIONAL STANDARD BOOK NUMBER
ISBN 1266021396
082 04 - DEWEY DECIMAL CLASSIFICATION NUMBER
Classification number 611.018
Item number M5785 2024
100 1# - MAIN ENTRY--AUTHOR NAME
Personal name Mescher, Anthony L., author.
245 10 - TITLE STATEMENT
Title Junqueira's basic histology : text and atlas / Anthony L. Mescher, PhD.
250 ## - EDITION STATEMENT
Edition statement Seventeenth edition.
260 ## - PUBLICATION, DISTRIBUTION, ETC. (IMPRINT)
Place of publication New York :
Name of publisher McGraw-Hill LLC,
Year of publication ©2024.
300 ## - PHYSICAL DESCRIPTION
Number of Pages ix, 559 pages :
Other physical details illustrations (chiefly color) ; 28 cm
500 ## - GENERAL NOTE
General note Includes index.
650 #0 - SUBJECT ADDED ENTRY--TOPICAL TERM
Topical Term Histology.
700 1# - ADDED ENTRY--PERSONAL NAME
Personal name Junqueira, Luiz Carlos Uchôa,
942 ## - ADDED ENTRY ELEMENTS (KOHA)
Koha item type Books
Holdings
Source of acquisition Permanent Location Date acquired Koha item type Collection code Accession Number Lost status Shelving location Withdrawn status Current Location Full call number
SchoolCagayan State University - Carig Library2025-10-29BooksMedicineM002782 Medical Library Cagayan State University - Carig Library611.018 M5785 2024
SchoolCagayan State University - Carig Library2025-10-29BooksMedicineM002783 Medical Library Cagayan State University - Carig Library611.018 M5785 2024
SchoolCagayan State University - Carig Library2025-10-29BooksMedicineM002784 Medical Library Cagayan State University - Carig Library611.018 M5785 2024
SchoolCagayan State University - Carig Library2025-10-29BooksMedicineM002785 Medical Library Cagayan State University - Carig Library611.018 M5785 2024

Cagayan State University University Library, Carig Campus
Tuguegarao City, Cagayan 3500 | www.csucarig.edu.ph

Powered by Koha